Лінгво-стилістичні аспекти мови ділового листування (Запис № 281843)

МАРК-запис
000 -LEADER
fixed length control field 01102nam a22001577a 4500
041 ## - LANGUAGE CODE
Language code of text/sound track or separate title ukr
080 ## - UNIVERSAL DECIMAL CLASSIFICATION NUMBER
Universal Decimal Classification number 09
090 ## - LOCALLY ASSIGNED LC-TYPE CALL NUMBER (OCLC); LOCAL CALL NUMBER (OCLC)
Local cutter number (OCLC) ; Book number/undivided call number, CALL (RLIN) ЧОР
100 ## - MAIN ENTRY--PERSONAL NAME
Personal name Чорний Б. В.
245 ## - TITLE STATEMENT
Title Лінгво-стилістичні аспекти мови ділового листування
260 ## - PUBLICATION, DISTRIBUTION, ETC. (IMPRINT)
Place of publication, distribution, etc Острог
Name of publisher, distributor, etc КАФ
Date of publication, distribution, etc 2003
300 ## - PHYSICAL DESCRIPTION
Extent 38
520 ## - SUMMARY, ETC.
Summary, etc Розділ 1. Функціональні особливості офіційно-ділового стилю<br/>Розділ 2. Особливості структури, стилю та лексики ділових листів<br/>2.1. Структурні особливості ділових листів<br/>2.2. Стилістичні особливості ділових листів<br/>2.3. Лексичні особливості ділових листів<br/>2.4. Терміни та їх місце в діловому мовленні<br/>2.5. Синтаксичні особливості офіційно-ділового стилю
-- офіційно-діловий стиль, ділові папери
650 ## - SUBJECT ADDED ENTRY--TOPICAL TERM
Topical term or geographic name as entry element Research Papers
942 ## - ADDED ENTRY ELEMENTS (KOHA)
Koha item type Книги
Фонди
Withdrawn status Lost status Source of classification or shelving scheme Damaged status Not for loan Home library Current library Date acquired Source of acquisition Coded location qualifier Cost, normal purchase price Total Checkouts Full call number Barcode Date last seen Price effective from Koha item type
    Universal Decimal Classification     ВІЛ - Відділ іноземн. літератури НБ ВІЛ - Відділ іноземн. літератури НБ 08/08/2005 Акт 03\01 В11 1.00   09 208773 20/12/2021 01/09/2003 Книги